000 01168cad a22001935a 4500
001 E154347
008 111115e20111005xxk 000 0 eng d
035 _a(Sirsi) u154347
041 0 _aeng
245 0 0 _aOpinion of Lord Glennie in arbitration application no. 3 of 2011
_bfor leave to appeal against an arbitration award on grounds of legal error in terms of Rules 69 and 70 of the Scottish Arbitration Rules
_h[electronic resource]
260 _c2011
520 _a[2011] CSOH 164, 5 October 2011. Concerns whether or not an appeal can be lodged against the decision of an Arbitrator on the basis of legal error. It is the first application on such a matter under the Arbitration (Scotland) Act 2010 and the Scottish Arbitration Rules. "Held": Leave to appeal was granted on one point but not on the other.
590 _aKA
650 2 4 _aARBITRATION (SCOTLAND) ACT 2010
651 4 _aScotland
_y1999-
690 _aMANAGEMENT-DISPUTE AVOIDANCE, MANAGEMENT AND RESOLUTION-DISPUTE MANAGEMENT AND RESOLUTION-ARBITRATION
856 4 0 _uhttps://www.scotcourts.gov.uk/opinions/2011CSOH164.html
_zView the judgement free of charge at www.scotcourts.gov.uk
942 _n0
999 _c83589
_d83589